000 00336 a2200145 4500
001 154708
040 _cEscola São Tomás de Aquino
100 _aVILLA, Marco Antonio
240 1 0 _aA crise da República Velha
_lpor
245 1 0 _aA crise da República Velha
300 _a39
362 0 _a2001
697 _aHISTÓRIA
942 _cBK
999 _c154708
_d154708